| Tag |
First Indicator |
Second Indicator |
Subfields |
| LEADER |
00000cam a2200000 a 4500 |
| 001 |
in00001069088 |
| 005 |
20150929103249.0 |
| 008 |
920317s1991 mduab f000 0 eng d |
| 010 |
|
|
|a (DG92065082
|
| 035 |
|
|
|a (OCoLC)25487357
|
| 035 |
|
|
|9 AFP6000AM
|
| 040 |
|
|
|d GPO
|d DLC
|d UtOrBLW
|
| 043 |
|
|
|a n-us---
|
| 074 |
|
|
|a 422-B
|
| 086 |
0 |
|
|a D 301.45:B 41/991
|
| 090 |
|
|
|a UG633
|b .F5 1991
|
| 100 |
1 |
|
|a Finkenauer, Juliette C.
|
| 245 |
1 |
0 |
|a Belle Chance and environs :
|b a historical summary /
|c by Juliette C. Finkenauer.
|
| 264 |
|
1 |
|a Andrews Air Force Base, Md. :
|b Headquarters Air Force Systems Command, Offices of History and Protocol,
|c 1991.
|
| 300 |
|
|
|a 48 pages :
|b illustrations, map ;
|c 26 cm.
|
| 336 |
|
|
|a text
|b txt
|2 rdacontent
|
| 337 |
|
|
|a unmediated
|b n
|2 rdamedia
|
| 338 |
|
|
|a volume
|b nc
|2 rdacarrier
|
| 500 |
|
|
|a Cover title: Belle Chance, residence of commander, Air Force Systems Command.
|
| 500 |
|
|
|a Shipping list number: 92-055-P.
|
| 610 |
1 |
0 |
|a United States.
|b Air Force.
|b Systems Command
|x History.
|
| 710 |
1 |
|
|a United States.
|b Air Force.
|b Systems Command.
|b Office of History.
|
| 710 |
1 |
|
|a United States.
|b Air Force.
|b Systems Command.
|b Office of Protocol.
|
| 999 |
|
|
|a MARS
|
| 999 |
f |
f |
|s 53530dbc-654d-3eaf-9855-ea77b4f86c9d
|i 0d5f8409-8472-3880-9e8b-f1db1612dfda
|t 0
|
| 952 |
f |
f |
|p normal
|a Texas A&M University
|b College Station
|c Sterling C. Evans Library
|d Evans: US Documents (Annex 5th floor)
|t 0
|e D 301.45: B 41/991
|h Superintendent of Documents classification
|i unmediated -- volume
|m A14815852281
|
| 998 |
f |
f |
|a D 301.45: B 41/991
|t 0
|l Evans: US Documents (Annex 5th floor)
|